Flagi krajów graniczących z Rosją - Statystyki

Ogólne statystyki
  • Ten quiz został rozwiązany 132 razy
    129 od ostatniego zresetowania
  • Średni wynik to 13 z 14
Statystyki odpowiedzi
Obrazkowy Odpowiedź % Poprawnych
Polska
100%
Ukraina
100%
Chiny
99%
Estonia
99%
Białoruś
98%
Finlandia
98%
Kazachstan
98%
Norwegia
98%
Gruzja
96%
Litwa
95%
Łotwa
95%
Korea Północna
87%
Azerbejdżan
85%
Mongolia
79%
Nie znaleziono quizów pasujących do podanych kryteriów
Rozkład punktacji
Procent ludzi z każdym wynikiem
Percentyl według liczby udzielonych odpowiedzi
Twoja historia wyników
Nie rozwiązałeś tego quizu od ostatniego zresetowania